| 000 | 00583nam a2200193Ia 4500 | ||
|---|---|---|---|
| 008 | 191130s2003##################000#0#eng## | ||
| 020 | _a9780255365413 | ||
| 040 |
_aACL _cACL |
||
| 082 | _a551 BRA | ||
| 100 | _aBradley Jr, Robert L | ||
| 245 |
_aClimate alarmism reconsidered _cRobert L. Bradley Jr |
||
| 260 |
_aLondon _bInstitute of Economic Affairs _c2003 |
||
| 300 | _a177 p. : ill. ; 22 cm | ||
| 500 | _aIncludes bibliographical references | ||
| 650 | _aGlobal environmental change | ||
| 990 | _a9a21da69ac10000c4187a17dd4d1be19 | ||
| 991 | _a104840 | ||
| 999 |
_c130787 _d130787 |
||